000 00578nam a2200241Ia 4500
003 OSt
005 20221005122308.0
006 a|||||r|||| 00| 0
007 ta
008 221004b |||||||| |||| 00| 0 mar d
024 _a46579
037 _cTextual
040 _aCRL
_cCRL
_bmar
041 _2mar
_amar
082 _aV1.N4, 155J6
100 _aSirsikar Au.
_9631770
245 0 _aJagacha ithihas
260 _c1956
300 _a546p.
_ccm.
650 _aHISTORY
942 _hV1.N4, 155J6
_cTEXL
_2cc
999 _c1043861
_d1043861